Southville International School and Colleges
Your cart is empty.
  • Cart
  • Lists
    Public lists Eva Luna New books Lux_list list_1
    Your lists Log in to create your own lists
  • Log in to your account
  • Your cookies
  • Search history
Southville International School and Colleges
  • Advanced search
  • Recent comments
  • Most popular
  • Libraries

Log in to your account

Log in with GOOGLE


If you do not have an external account, but do have a local account, you can still log in:

  1. Home
  2. MARC view: Dirty beasts /
Normal view MARC view ISBD view

Dirty beasts / (Record no. 12299)

[ view plain ]
MARC details
000 -LEADER
fixed length control field 00471nam a22001817a 4500
003 - CONTROL NUMBER IDENTIFIER
control field OSt
005 - DATE AND TIME OF LATEST TRANSACTION
control field 20140310182349.0
008 - FIXED-LENGTH DATA ELEMENTS--GENERAL INFORMATION
fixed length control field 130316t xxu||||| |||| 00| 0 eng d
020 ## - INTERNATIONAL STANDARD BOOK NUMBER
International Standard Book Number 0140504354
050 ## - LIBRARY OF CONGRESS CALL NUMBER
Classification number PR 6054.A35
Item number .D5 1986
082 ## - DEWEY DECIMAL CLASSIFICATION NUMBER
Classification number PR6054
Item number .A35D5 1986
100 ## - MAIN ENTRY--PERSONAL NAME
Personal name Dahl, Roald
9 (RLIN) 3827
245 ## - TITLE STATEMENT
Title Dirty beasts /
Statement of responsibility, etc Roald Dahl
260 ## - PUBLICATION, DISTRIBUTION, ETC. (IMPRINT)
Place of publication, distribution, etc New York
Name of publisher, distributor, etc Farrar, Straus, Giroux
Date of publication, distribution, etc 1986
300 ## - PHYSICAL DESCRIPTION
Extent 1 v.(paged)
Dimensions 22 cm
942 ## - ADDED ENTRY ELEMENTS (KOHA)
Source of classification or shelving scheme Library of Congress Classification
Koha item type
Holdings
Withdrawn status Lost status Source of classification or shelving scheme Damaged status Home library Current library Shelving location Date acquired Total Checkouts Full call number Barcode Date last seen Copy number Price effective from Koha item type
    Library of Congress Classification   Luxembourg Library Luxembourg Library Grade School Section 09/28/2013   PR 6054.A35 .D5 1986 14390 10/28/2015 1 09/28/2013 Books

Dirty beasts /

APA

Dahl R., . (1986). Dirty beasts. New York: Farrar, Straus, Giroux.

Chicago

Dahl Roald, . 1986. Dirty beasts. New York: Farrar, Straus, Giroux.

Harvard

Dahl R., . (1986). Dirty beasts. New York: Farrar, Straus, Giroux.

MLA

Dahl Roald, . Dirty beasts. New York: Farrar, Straus, Giroux. 1986.

  • Place hold
  • Print
  • Cite
  • Add to your cart (remove)
  • Save record
    BIBTEX Dublin Core MARCXML MARC (non-Unicode/MARC-8) MARC (Unicode/UTF-8) MARC (Unicode/UTF-8, Standard) MODS (XML) RIS
  • More searches
    Search for this title in:
    Other Libraries (WorldCat) Other Databases (Google Scholar) Online Stores (Bookfinder.com) Open Library (openlibrary.org)

Exporting to Dublin Core...

SOUTHVILLE LIBRARY

Southville International School and Colleges Library

1281 Tropical Ave. Cor. Luxembourg St., BF Homes International, Las Pinas City

Tel. No. 8256374 / 252358 Loc. 117/146

Powered by Koha